Música compartida : (Record no. 196915)

MARC details
000 -LEADER
campo de control de longitud fija 01353nam a2200301 i 4500
001 - NÚMERO DE CONTROL
campo de control 196915
003 - IDENTIFICADOR DE NÚMERO DE CONTROL
campo de control ES-MaACL
005 - FECHA Y HORA DE LA ÚLTIMA TRANSACCIÓN
campo de control 20250823004928.0
008 - DATOS DE LONGITUD FIJA--INFORMACIÓN GENERAL
campo de control de longitud fija 250129b2025 sp ||||| |||| 00| 0 spa d
017 ## - NÚMERO DE COPYRIGHT O DE DEPÓSITO LEGAL
Número de copyright o de depósito legal M 28096-2024
Agencia que asigna Oficina Depósito Legal Madrid
020 ## - NÚMERO INTERNACIONAL ESTÁNDAR DEL LIBRO
Número Internacional Estándar del Libro 9788412962222
040 ## - FUENTE DE CATALOGACIÓN
Lengua de catalogación spa
Centro/agencia transcriptor ES-MaACL
100 1# - ENTRADA PRINCIPAL--NOMBRE DE PERSONA
Nombre de persona Carvayo Medina, Juan Carlos
9 (RLIN) 239506
Término indicativo de función/relación Autor
245 1# - MENCIÓN DEL TÍTULO
Título Música compartida :
Resto del título reflexiones sobre la práctica camerística /
Mención de responsabilidad, etc. discurso del académico electo Excmo. Sr. D. Juan Carlos Garvayo Medina, leído en el acto de su recepción pública el día 26 de enero de 2025 y contestación del Excmo. Sr. D. José Luis García del Busto.
260 ## - PUBLICACIÓN, DISTRIBUCIÓN, ETC.
Lugar de publicación, distribución, etc. Madrid :
Nombre del editor, distribuidor, etc. Real Academia de Bellas Artes de San Fernando,
Fecha de publicación, distribución, etc. 2025.
300 ## - DESCRIPCIÓN FÍSICA
Extensión 39 páginas ;
Dimensiones 24 cm
336 ## - TIPO DE CONTENIDO
Fuente rdacontent
Término de tipo de contenido texto
337 ## - TIPO DE MEDIO
Fuente rdamedia
Nombre/término del tipo de medio sin mediación
338 ## - TIPO DE SOPORTE
Fuente rdacarrier
Nombre/término del tipo de soporte volumen
650 #7 - PUNTO DE ACCESO ADICIONAL DE MATERIA--TÉRMINO DE MATERIA
Término de materia o nombre geográfico como elemento de entrada Música
Fuente del encabezamiento o término embne
9 (RLIN) 15376
655 #4 - TERMINO DE INDIZACIÓN--GENERO/FORMA
9 (RLIN) 226841
Datos o término principal de género/forma Discursos
700 1# - ENTRADA AGREGADA--NOMBRE PERSONAL
9 (RLIN) 167192
Nombre de persona García del Busto, José Luis,
Fechas asociadas al nombre 1947-
Término indicativo de función/relación Autor
852 ## - LOCALIZACIÓN
Ubicación ES-MaACL
Ubicación en estantería Depósito J
Número de control de estantería N-10322
Encuadernación Encuadernación rústica con solapas
itemnumber 206440
Donativo/Legado Donación: Editorial
942 ## - ELEMENTOS DE ENTRADA SECUNDARIOS (KOHA)
Tipo de ítem Koha Libro impreso
Suprimir en OPAC No
Holdings
Estatus retirado Estado de pérdida Fuente del sistema de clasificación o colocación Estado de daño No para préstamo Biblioteca de origen Biblioteca actual Ubicación en estantería Fecha de adquisición Fuente de adquisición Total de préstamos Signatura topográfica completa Código de barras Visto por última vez Precio de reemplazo Tipo de ítem Koha
    Clasificación decimal universal     Biblioteca del Ateneo de Madrid Biblioteca del Ateneo de Madrid Depósito J 01/08/2025 Donación   N-10322 2025-0823 01/08/2025 01/08/2025 Libro impreso